000 00892nam a2200253 4500
003 OSt
005 20260601171013.0
008 260421b2001\\\\nyua||||\||||\00|\0\eng\d
020 _a0385499841
040 _aICI
_bspa
_cICI
041 _aeng
050 _aHD53
_bK455
100 1 _aKelley, Tom,
_d1955-,
_eautor
_933377
245 1 _aThe art of innovation :
_blessons in creativity from IDEO, America's leading design firm /
_cTom Kelley with Jonathan Littman
264 _aNew York :
_bCurrency/Doubleday,
_cc2001
300 _a307 páginas :
_bhojas (algunas a color)
336 _2rdacontent
_atexto
337 _2rdamedia
_asin medio
338 _2rdacarrier
_avolumen
650 _aAptitud creadora en los negocios
_vEstudio de casos
_933378
650 _aInnovaciones tecnológicas
_vEstudio de casos
_933379
700 1 _aLittman, Jonathan,
_d1958- ,
_eautor
_933380
942 _2lcc
_n0
_cB
999 _c20568
_d20568